<?xml version="1.0" encoding="UTF-8"?>
<collection xmlns="http://www.loc.gov/MARC21/slim">
 <record>
  <leader>00575pamaa2200181   4500</leader>
  <controlfield tag="001">0000023230</controlfield>
  <controlfield tag="005">20090508090000.0</controlfield>
  <datafield tag="020" ind1="0" ind2="0">
   <subfield code="a">0073040185//0071169598/0071179739 (pbk) </subfield>
  </datafield>
  <datafield tag="082" ind1=" " ind2=" ">
   <subfield code="a">515 HOF 2000</subfield>
  </datafield>
  <datafield tag="090" ind1="0" ind2="0">
   <subfield code="a">QA303 </subfield>
   <subfield code="b">HOF 2000</subfield>
  </datafield>
  <datafield tag="100" ind1="1" ind2="0">
   <subfield code="a">Hoffmann </subfield>
  </datafield>
  <datafield tag="245" ind1="0" ind2="0">
   <subfield code="a">Calculus : </subfield>
   <subfield code="b">for business,economics, and the social and life sciences  </subfield>
   <subfield code="c">Laurence D. Hoffmann and Gerald L. Bradley.</subfield>
  </datafield>
  <datafield tag="250" ind1="0" ind2="0">
   <subfield code="a">7th ed..</subfield>
  </datafield>
  <datafield tag="260" ind1="0" ind2="0">
   <subfield code="a">Boston: </subfield>
   <subfield code="b">Mc-Graw Hill, </subfield>
   <subfield code="c">2000.</subfield>
  </datafield>
  <datafield tag="300" ind1=" " ind2=" ">
   <subfield code="a">xxi, 723p.: </subfield>
   <subfield code="b">col.ill.; </subfield>
   <subfield code="c">24cm.</subfield>
  </datafield>
  <datafield tag="504" ind1="0" ind2="0">
   <subfield code="a">Includes an index</subfield>
  </datafield>
  <datafield tag="650" ind1="0" ind2="0">
   <subfield code="a">Calculus </subfield>
  </datafield>
  <datafield tag="700" ind1="1" ind2="1">
   <subfield code="a">BRADLEY, </subfield>
   <subfield code="h">Gerald L. </subfield>
  </datafield>
 </record>
</collection>
